Statistics for 2022-2023 UEFA Champions League Teams

Click here to take the quiz!

General Stats

  • This quiz has been taken 237 times
  • The average score is 27 of 32

Answer Stats

Team% Correct
Liverpool
97%
Manchester City
97%
Real Madrid
97%
Barcelona
96%
Bayern Munich
96%
Borussia Dortmund
96%
Inter Milan
96%
Chelsea
94%
Paris Saint-Germain
94%
Benfica
92%
Tottenham Hotspur
92%
Juventus
91%
Napoli
91%
Porto
91%
Atlético Madrid
90%
Milan
89%
RB Leipzig
89%
Ajax
86%
Sevilla
85%
Marseille
84%
Sporting CP
81%
Shakhtar Donetsk
79%
Celtic
75%
Rangers
75%
Eintracht Frankfurt
74%
Red Bull Salzburg
71%
Club Brugge
69%
Bayer Leverkusen
67%
Dinamo Zagreb
67%
Maccabi Haifa
67%
Viktoria Plzeň
64%
Copenhagen
63%

Score Distribution

Percentile by Number Answered

Percent of People with Each Score

Your Score History

You have not taken this quiz